| 000 | 00535nam a2200181 i 4500 | ||
|---|---|---|---|
| 001 | 66088 | ||
| 003 | ES-MaACL | ||
| 005 | 20250910213327.0 | ||
| 007 | t| | ||
| 008 | 040127s1972 sp ||||1| spa d | ||
| 100 | 1 |
_aGaboriau, Emile. _953145 |
|
| 245 | 1 | 3 |
_aEl caso Lerouge / _cEmile Gaboriau ; [traducción y prólogo de Jaume Fuster]. |
| 260 |
_aBarcelona : _bPenínsula, _c1972. |
||
| 300 |
_a200 p. ; _c19 cm. |
||
| 700 | 1 |
_aFuster, Jaume, _d1945-1998 _953081 |
|
| 852 |
_aES-MaACL _jC-49804 _bR.84123 |
||
| 999 |
_c66088 _d66088 |
||